| 000 | 00972nam a2200241 4500 | ||
|---|---|---|---|
| 001 | 113695 | ||
| 003 | DR-UNIBE | ||
| 005 | 20250528154622.0 | ||
| 008 | 250528b2016 dr ||||| |||| 00| 0 spa d | ||
| 040 |
_aBIBLIOTECA UNIBE _cBIBLIOTECA UNIBE _bspa |
||
| 041 | _aspa | ||
| 082 |
_222 _aRD 972.93053075 M986c |
||
| 110 | 2 |
_aMuseo Memorial de la Resistencia Dominicana _979585 _eautor |
|
| 245 | 1 | 0 |
_a5 años de memoria : _b29 de mayo 2011/29 de mayo 2016 |
| 260 |
_aSanto Domingo : _bMuseo Memorial de la Resistencia Dominicana, _c2016 |
||
| 300 |
_a236 páginas : _bilustraciones, fotografías a color ; _c31 cm |
||
| 650 | 7 |
_2lemb _aMuseos históricos _zRepública Dominicana _9196023 |
|
| 651 | 7 |
_2lemb _aRepública Dominicana _xHistoria _yEra de Trujillo, 1930-1961 _926200 |
|
| 651 | 7 |
_2lemb _aRepública Dominicana _xHistoria _ySiglo XX _941673 |
|
| 655 | 7 |
_2lemb _aMemorias e informes _9196024 |
|
| 700 | 1 |
_aPou de García, Francis _epresentación _9195942 |
|
| 942 |
_2ddc _cBK |
||
| 999 |
_c113695 _d113695 |
||